| 000 | 00735nam a2200205Ia 4500 | ||
|---|---|---|---|
| 003 | GCL | ||
| 008 | 140319s9999 xx 000 0 ara d | ||
| 020 | _a5207005977 | ||
| 040 |
_aGCL / _cGCL |
||
| 082 | 0 | 4 |
_a362.2 _bا ط |
| 100 | 1 | _aابراهيم محمود بدر | |
| 245 | 1 | 0 |
_aالطفل التوحدى '' تشخصيه وعلاجه'' / _cابراهيم محمود بدر |
| 260 |
_aالقاهرة : _bمكتبة الانجلوالمصرية ، _c2004 |
||
| 300 |
_a151 ص ؛ _c20سم |
||
| 650 | 0 | 4 | _aالاطفال المعوقون |
| 650 | 0 | 4 | _aالاطفال المعوقون - رعاية ذهنية |
| 650 | 0 | 4 | _aالاطفال المعوقون - تعليم |
| 650 | 0 | 4 | _aالطفل التوحدى |
| 942 |
_2ddc _cBK |
||
| 999 |
_c57887 _d57887 |
||